| 000 | 00941cam a22003137a 4500 | ||
|---|---|---|---|
| 003 | CHAP | ||
| 005 | 20220329142605.0 | ||
| 008 | 010926d2000 mx r 00110 spa d | ||
| 010 | _a85372 | ||
| 011 | _a86344 | ||
| 020 | _a0486238733 | ||
| 035 | _a96882 | ||
| 040 | _cCHAP | ||
| 082 | 0 | 4 |
_a526.8 _bB7 |
| 100 | 0 | 0 |
_aBrown, Lloyd A. _915675 |
| 245 | 1 | 4 |
_aThe story of maps _c/by Lloyd A. Brown |
| 260 |
_aNew York. : _bDover publications, _c1979. |
||
| 300 |
_a397 p. : _bilus. |
||
| 590 |
_aBATCH-UPD _b10 _c20130110 _lUCH01 _h0718 |
||
| 590 |
_aBATCH-UPD _b10 _c20130410 _lUCH01 _h0403 |
||
| 590 |
_aBATCH-UPD _b10 _c20130914 _lUCH01 _h0752 |
||
| 590 |
_aCONVERSION _b10 _c20130109 _lUCH01 _h1347 |
||
| 650 | 1 | 4 |
_aCartografía _xHistoria. _919648 |
| 650 | 1 | 4 |
_aMapas _xHistoria. _971130 |
| 901 | _aBK | ||
| 905 | _aAlejandra Carrasco M. | ||
| 942 | _cLIBRO | ||
| 949 |
_a526.8 B7 _bBC _cLIBRO _d33724000862942 _eLIBRO _h102170 _i96882 _si _t$ 153.00 |
||
| 999 |
_c85372 _d85372 |
||